| 000 | 00448nam a2200193Ia 4500 | ||
|---|---|---|---|
| 005 | 20250423100237.0 | ||
| 008 | 250422s9999 xx 000 0 und d | ||
| 020 | _a9788062601 | ||
| 050 | _aKP 61 .O8/ | ||
| 100 | _aOsita nnamani ogbu | ||
| 245 | 0 | _aModern nigerian legal system | |
| 250 | _a2nd. edi | ||
| 260 | _aEnugu-Nigeria | ||
| 260 | _bCidjap press. | ||
| 260 | _c2007 | ||
| 300 | _a418 p | ||
| 650 | _aLegal system. | ||
| 942 | _cBK | ||
| 999 |
_c32717 _d32717 |
||